Erraten Sie den Football Club anhand seines Ultras-Logos #1 - Statistiken

Allgemein
  • Dieses Quiz wurde 592 mal gespielt
    496 seit der letzten Aktualisierung
  • Das Durchschnittsergebnis liegt bei 9 aus 15
Antwortstatistiken
Hint Antwort % Korrekt
93%
88%
83%
81%
80%
68%
62%
61%
59%
51%
51%
49%
48%
32%
27%
Keine übereinstimmenden Quizze gefunden
Verteilung der Resultate
Anzahl Personen mit jedem Resultat
Perzentil nach korrekt beantworteten Fragen
Ihre Resultats-Entwicklung
Sie haben dieses Quiz seit der letzten Aktualisierung nicht gespielt